| 000 | 00677cam a2200241 4500 | ||
|---|---|---|---|
| 001 | M95026 | ||
| 008 | 090401t1998 xxu||||| |||| 00| 0 eng d | ||
| 035 | _a(Sirsi) u89663 | ||
| 041 | _aeng | ||
| 050 | _a692.8 | ||
| 100 | _aPettet, John W. | ||
| 245 | _aClaims for head office overheads and profit in the construction industry. | ||
| 260 |
_aAscot,Berks. _bCIOB _c1998 |
||
| 300 | _a12p. ; 30cm. | ||
| 350 | _a5 | ||
| 490 |
_aConstruction Papers _v93 |
||
| 650 | _aCONTRACT CLAIMS | ||
| 650 | _aHEAD OFFICE OVERHEADS | ||
| 690 | _aBUILT ENVIRONMENT-BUILDING CONTRACT FORMS | ||
| 710 |
_aChartered Institute of Building _92134 |
||
| 942 | _n0 | ||
| 948 | _c13/11/1998 | ||
| 999 |
_c97481 _d97481 |
||